| 000 | 00555nam a2200193Ia 4500 | ||
|---|---|---|---|
| 005 | 20260120130418.0 | ||
| 008 | 008 260114s9999 xx 000 0 eng d | ||
| 020 | _a9780199867929 | ||
| 037 | _aEBOOK | ||
| 040 |
_aCRL _beng _cCRL |
||
| 041 |
_aeng _2eng |
||
| 084 | _qCRL | ||
| 100 |
_aFeinstein, Temin, Toniolo _9914701 |
||
| 245 | 4 | _aThe World Economy between the World Wars | |
| 260 |
_bOxford University PressOxford University Press _c2008 |
||
| 856 | _uhttps://academic.oup.com/book/3376 | ||
| 942 | _cEBOOK | ||
| 999 |
_c1506605 _d1506605 |
||